| 000 | 01085nam a22002657a 4500 | ||
|---|---|---|---|
| 003 | OSt | ||
| 005 | 20220629130723.0 | ||
| 008 | 220613t2002 sp a|||gr|||| 00| | spa d | ||
| 020 | _a847556206X | ||
| 040 |
_aCO-JMCR _cCO-JMCR |
||
| 041 | 0 | _aspa | |
| 082 | 0 | 4 |
_a370.1523 _bB276s _223 |
| 100 | 1 |
_aBarrios, Francisco José _942088 _eautor |
|
| 245 | 1 | 0 |
_aSuperaprendizaje : _bcómo aprender más estudiando menos, guía del estudiante eficiente / _cFrancisco Barrios |
| 260 |
_aBarcelona : _bOceano Ambar, _c©2002 |
||
| 300 |
_a130 páginas : _bilustraciones a blanco y negro ; _c21 cm. |
||
| 490 | 0 | _aMuy personal | |
| 504 | _aBibliografía: páginas 127-130. | ||
| 505 | 0 | _aCómo funciona la mente -- El ambiente de estudio -- El estudiante como atleta -- Técnicas de estudio -- Las nuevas tecnologías -- Para saber más. | |
| 520 | _aManual para ayudar padres, alumnos y educadores para enseñar a estudiar de manera optimizada. | ||
| 650 | 2 | 4 |
_aAprendizaje _936075 |
| 650 | 1 | 4 |
_aNeuropedagogía _99546 |
| 650 | 2 | 4 |
_aPsicología de la Educación _942092 |
| 942 |
_2ddc _cBK |
||
| 999 |
_c29507 _d15891 |
||